Оптимизация процесса с помощью инструментов бережливого производства; Ресурсоэффективные системы в управлении и контроле: взгляд в будущее; Ч. 2

Manylion Llyfryddiaeth
Parent link:Ресурсоэффективные системы в управлении и контроле: взгляд в будущее: сборник научных трудов III Международной конференции школьников, студентов, аспирантов, молодых ученых, 06 - 11 октября 2014 г./ Национальный исследовательский Томский политехнический университет (ТПУ).— , 2014
Ч. 2.— 2014.— [С. 118-121]
Prif Awdur: Карбина Ю. С.
Awdur Corfforaethol: Национальный исследовательский Томский политехнический университет (ТПУ) Институт неразрушающего контроля (ИНК) Кафедра физических методов и приборов контроля качества (ФМПК)
Awduron Eraill: Плотникова И. В. Инна Васильевна (научный руководитель)
Crynodeb:Заглавие с титульного экрана
Iaith:Rwseg
Cyhoeddwyd: 2014
Cyfres:Эффективные системы управления качеством
Pynciau:
Mynediad Ar-lein:http://www.lib.tpu.ru/fulltext/c/2014/C47/V2/035.pdf
Fformat: Electronig Pennod Llyfr
KOHA link:https://koha.lib.tpu.ru/cgi-bin/koha/opac-detail.pl?biblionumber=611200

MARC

LEADER 00000naa2a2200000 4500
001 611200
005 20231101132639.0
035 |a (RuTPU)RU\TPU\conf\8926 
035 |a RU\TPU\conf\8925 
090 |a 611200 
100 |a 20150227d2014 k y0rusy50 ca 
101 0 |a rus 
102 |a RU 
105 |a y z 101zy 
135 |a drcn ---uucaa 
181 0 |a i  
182 0 |a b 
200 1 |a Оптимизация процесса с помощью инструментов бережливого производства  |f Ю. С. Карбина  |g науч. рук. И. В. Плотникова 
203 |a Текст  |c электронный 
225 1 |a Эффективные системы управления качеством 
230 |a 1 компьютерный файл (pdf; 488 Kb) 
300 |a Заглавие с титульного экрана 
320 |a [Библиогр.: с. 121 (3 назв.)] 
337 |a Adobe Reader 
461 1 |0 (RuTPU)RU\TPU\conf\8514  |t Ресурсоэффективные системы в управлении и контроле: взгляд в будущее  |o сборник научных трудов III Международной конференции школьников, студентов, аспирантов, молодых ученых, 06 - 11 октября 2014 г.  |o в 4 ч.  |f Национальный исследовательский Томский политехнический университет (ТПУ)  |d 2014 
463 0 |0 (RuTPU)RU\TPU\conf\8518  |t Ч. 2  |v [С. 118-121]  |d 2014 
610 1 |a труды учёных ТПУ 
610 1 |a электронный ресурс 
610 1 |a оптимизация процессов 
610 1 |a бережливое производство 
610 1 |a менеджмент качества 
610 1 |a картирование 
610 1 |a производительность труда 
700 1 |a Карбина  |b Ю. С. 
702 1 |a Плотникова  |b И. В.  |c специалист в области качества  |c доцент Томского политехнического университета, кандидат технических наук  |f 1965-  |g Инна Васильевна  |2 stltpush  |4 727 
712 0 2 |a Национальный исследовательский Томский политехнический университет (ТПУ)  |b Институт неразрушающего контроля (ИНК)  |b Кафедра физических методов и приборов контроля качества (ФМПК)  |h 68  |2 stltpush  |3 (RuTPU)RU\TPU\col\18709 
801 2 |a RU  |b 63413507  |c 20150227  |g RCR 
856 4 |u http://www.lib.tpu.ru/fulltext/c/2014/C47/V2/035.pdf 
942 |c BK